00892 2200301 4500001002100000005001500021035002000036007000300056008004100059020002200100082001500122084001700137100003200154245005500186250003600241300005500277650001800332504003400350264003200384336002100416337003000437338002300467040002200490090002200512850001200534999002200546990002200568INLIS00000000088696820240529014730 a0010-0524000799ta240529s2023 yoia g ind d a978-623-02-8019-104223a639.21 a639.21 HAR k0 aHarnita AgusantyePengarang10aKelembagaan perikanan budidaya /cHarnita Agusanty aCetakan Pertama : Desember 2023 axiii, 222 halaman :bbagan, tabel, gambar ;c23 cm 4aBudidaya ikan aBibliografi : halaman 202-21231aSleman :bDeepublish,c2023 2rdacontentateks 2rdamediaatanpa perantara 2rdacarrieravolume aYOPDYOGbinderda aCB-D.11 2023-5168 aYOPDYOG aCB-D.11/2023-5168 aCB-D.11/2023-5168